[Event "European Rapid 2022"]
[Site "Katowice POL"]
[Date "2022.12.17"]
[Round "3.17"]
[White "Kubicka, Anna"]
[Black "Kosteniuk, Alexandra"]
[Result "0-1"]
[WhiteTitle "WIM"]
[BlackTitle "GM"]
[WhiteElo "2217"]
[BlackElo "2520"]
[WhiteFideId "1152254"]
[BlackFideId "4128125"]
[EventDate "2022.12.17"]

1. e4 e5 2. Nf3 Nc6 3. Bb5 a6 4. Ba4 Nf6 5. O-O Be7 6. Re1 b5 7. Bb3 d6 8. c3
O-O 9. h3 h6 10. d4 Bb7 11. a4 Re8 12. Bc2 Bf8 13. axb5 axb5 14. Rxa8 Qxa8 15.
d5 Ne7 16. Na3 c6 17. c4 bxc4 18. Nxc4 Rd8 19. dxc6 Bxc6 20. Qe2 Ng6 21. Nh2 Nd7
22. Nf1 Nc5 23. Ng3 Nf4 24. Bxf4 exf4 25. Nf5 g6 26. Nd4 Bb7 27. b4 Nd7 28. Nf3
d5 29. Na5 Bxb4 30. Nxb7 Qxb7 31. Rb1 Rb8 32. exd5 Qxd5 33. Be4 Qc5 34. Qd3 Nf8
35. Bd5 Qe7 36. Qc4 Bd6 37. Rxb8 Bxb8 38. Qe4 Qxe4 39. Bxe4 Ne6 40. Bd5 Kg7 41.
Kf1 Kf6 42. Ke2 Ba7 43. Bc4 Nc5 44. Nd2 Nd7 45. Ba2 g5 46. Kf3 Ne5+ 47. Ke2 Ng6
48. Ne4+ Ke7 49. Nd2 f5 50. Nf3 g4 51. Nh2 h5 52. Bb1 Kf6 53. Bd3 f3+ 54. gxf3
Nf4+ 55. Kd2 gxh3 56. Ba6 Bxf2 57. Nf1 h4 58. Bb7 Bg1 59. Ke1 h2 60. Nxh2 Bxh2
61. Kf2 Bg3+ 62. Kg1 h3 63. Kh1 Nd3 64. f4 Bxf4 65. Kg1 Bg3 66. Kf1 Nf2 0-1

[Event "European Rapid 2022"]
[Site "Katowice POL"]
[Date "2022.12.17"]
[Round "3.18"]
[White "Tregubov, Pavel V."]
[Black "Zochowski, Kacper"]
[Result "1-0"]
[WhiteTitle "GM"]
[BlackTitle "FM"]
[WhiteElo "2553"]
[BlackElo "2256"]
[WhiteFideId "4115341"]
[BlackFideId "1125494"]
[EventDate "2022.12.17"]

1. e4 d6 2. d4 Nf6 3. Nc3 e5 4. Nf3 Nbd7 5. Bc4 Be7 6. O-O O-O 7. Re1 c6 8. a4
Qc7 9. h3 b6 10. Be3 a6 11. Ba2 Bb7 12. Qd3 Rfe8 13. Qc4 Rf8 14. Ng5 Qb8 15.
dxe5 Nxe5 16. Qe2 h6 17. Nf3 Nxf3+ 18. Qxf3 b5 19. Bf4 Qc8 20. Rad1 b4 21. Ne2
d5 22. exd5 cxd5 23. Nd4 Ne4 24. Qh5 Bg5 25. Bxg5 Nxg5 26. h4 Ne6 27. Nf5 Qxc2
28. Bb1 Qxb2 29. Ne7+ Kh8 30. Re5 Nf4 31. Qf5 Ng6 32. Rde1 d4 33. h5 Bc8 34.
Nxg6+ 1-0

[Event "European Rapid 2022"]
[Site "Katowice POL"]
[Date "2022.12.17"]
[Round "3.19"]
[White "Bartel, Mateusz"]
[Black "Orzech, Dominik"]
[Result "1-0"]
[WhiteTitle "GM"]
[BlackTitle "IM"]
[WhiteElo "2627"]
[BlackElo "2313"]
[WhiteFideId "1112635"]
[BlackFideId "1115065"]
[EventDate "2022.12.17"]

1. e4 e6 2. d4 d5 3. Nc3 Nf6 4. Bg5 Be7 5. e5 Nfd7 6. Bxe7 Qxe7 7. Qd2 a6 8. Nd1
c5 9. c3 Nc6 10. f4 cxd4 11. cxd4 Qb4 12. Nf3 Qxd2+ 13. Kxd2 Ke7 14. Rc1 Nb6 15.
Ne3 Bd7 16. Bd3 Rac8 17. Bb1 Rc7 18. b3 h5 19. f5 Rhc8 20. Rhf1 Nd8 21. Rxc7
Rxc7 22. Ng5 exf5 23. Bxf5 Bb5 24. Bd3 Bxd3 25. Kxd3 g6 26. a4 a5 27. h3 Rc6 28.
Nh7 Rc8 29. Nf6 Ke6 30. Ne8 Rc6 31. Rf6+ Ke7 32. Nd6 Kf8 33. Rf1 Ke7 34. g4 hxg4
35. hxg4 Kf8 36. g5 Rc7 37. Rf6 Rc6 38. Kd2 Rc7 39. Nxf7 Rxf7 40. Rxb6 Nc6 41.
Nxd5 Rd7 42. Nf4 Rxd4+ 43. Ke3 Rb4 44. Rxb4 axb4 45. Ke4 Na5 46. Ne6+ Ke7 47.
Nd4 Kd7 48. Kd5 Ke7 49. Kc5 1-0

[Event "European Rapid 2022"]
[Site "Katowice POL"]
[Date "2022.12.17"]
[Round "3.20"]
[White "Budrewicz, Krzysztof"]
[Black "Yuffa, Daniil"]
[Result "0-1"]
[BlackTitle "GM"]
[WhiteElo "2184"]
[BlackElo "2587"]
[WhiteFideId "1127950"]
[BlackFideId "24131423"]
[EventDate "2022.12.17"]

1. d4 Nf6 2. c4 g6 3. Nc3 Bg7 4. e4 d6 5. Be2 O-O 6. Nf3 Na6 7. Be3 e5 8. d5 Ng4
9. Bg5 f6 10. Bh4 h5 11. Nd2 Nh6 12. h3 Bd7 13. g4 hxg4 14. hxg4 Nf7 15. a3 c5
16. dxc6 bxc6 17. b4 Nc7 18. b5 Ne6 19. bxc6 Bxc6 20. Nd5 Bxd5 21. exd5 Nf4 22.
Bg3 Bh6 23. Qc2 Kg7 24. Bxf4 Bxf4 25. Bd3 Ng5 26. Kf1 Rh8 27. Kg2 Qd7 28. f3
Bxd2 29. Qxd2 e4 30. Be2 exf3+ 31. Bxf3 Rab8 32. Rxh8 Rxh8 33. Be2 Qe7 34. Bd3
Rh2+ 0-1

[Event "European Rapid 2022"]
[Site "Katowice POL"]
[Date "2022.12.17"]
[Round "3.21"]
[White "Vogel, Roven"]
[Black "Kulon, Klaudia"]
[Result "1-0"]
[WhiteTitle "IM"]
[BlackTitle "IM"]
[WhiteElo "2463"]
[BlackElo "2274"]
[WhiteFideId "12908088"]
[BlackFideId "1131044"]
[EventDate "2022.12.17"]

1. c4 Nf6 2. Nc3 g6 3. e4 d6 4. d4 Bg7 5. Nf3 O-O 6. Be2 e5 7. O-O exd4 8. Nxd4
Re8 9. f3 c6 10. Kh1 Nbd7 11. Nc2 Ne5 12. Bg5 h6 13. Be3 Be6 14. b3 a6 15. Qd2
Kh7 16. Rad1 b5 17. cxb5 axb5 18. Qxd6 Qxd6 19. Rxd6 Rec8 20. Rd2 g5 21. g3 g4
22. f4 Nf3 23. Bxf3 gxf3 24. f5 Ng4 25. Bd4 Bxd4 26. Nxd4 Bd7 27. Nxf3 Be8 28.
h3 Nf6 29. e5 b4 30. Na4 Ne4 31. Rg2 Rxa4 32. bxa4 c5 33. Kh2 Bxa4 34. Re1 Bc6
35. Rc2 Nc3 36. Nd2 Ra8 37. e6 Kg7 38. Nc4 Be4 39. Rd2 fxe6 40. fxe6 Kf6 41. Nd6
Bg6 42. Rf2+ Ke7 43. Nf5+ Bxf5 44. Rxf5 Rxa2+ 45. Kh1 Ne2 46. Rxc5 Nxg3+ 47. Kg1
Ne2+ 48. Kf2 Nf4+ 49. Kf3 Nd3 50. Rc7+ Ke8 51. Rg1 Ne5+ 52. Ke4 Re2+ 53. Kd5 Kd8
54. Rh7 1-0

[Event "European Rapid 2022"]
[Site "Katowice POL"]
[Date "2022.12.17"]
[Round "3.22"]
[White "Luczak, Filip"]
[Black "Moroni, Luca Jr"]
[Result "0-1"]
[WhiteTitle "FM"]
[BlackTitle "GM"]
[WhiteElo "2326"]
[BlackElo "2576"]
[WhiteFideId "1193686"]
[BlackFideId "865834"]
[EventDate "2022.12.17"]

1. b3 e5 2. Bb2 Nc6 3. e3 d5 4. Bb5 Bd6 5. f4 f6 6. Qf3 Ne7 7. Ne2 O-O 8. Bxc6
bxc6 9. O-O Bf5 10. fxe5 fxe5 11. Qg3 Ng6 12. Rc1 h5 13. h3 h4 14. Qe1 Qg5 15.
Kh1 Be4 16. Qg1 Rf3 17. Kh2 Rg3 18. Nxg3 hxg3+ 19. Kh1 Qh4 0-1

[Event "European Rapid 2022"]
[Site "Katowice POL"]
[Date "2022.12.17"]
[Round "3.23"]
[White "Piorun, Kacper"]
[Black "Solys, Laimutis"]
[Result "0-1"]
[WhiteTitle "GM"]
[BlackTitle "FM"]
[WhiteElo "2611"]
[BlackElo "2289"]
[WhiteFideId "1130420"]
[BlackFideId "12800368"]
[EventDate "2022.12.17"]

1. e4 c5 2. Nf3 e6 3. g3 d5 4. exd5 exd5 5. Bg2 Nc6 6. O-O Bg4 7. h3 Bh5 8. d3
Nf6 9. Nc3 Be7 10. Ne2 Bxf3 11. Bxf3 h6 12. Bg2 O-O 13. Nf4 Qd7 14. c3 Rad8 15.
Bd2 Rfe8 16. a3 a5 17. a4 Bf8 18. h4 Ne5 19. Re1 Qc7 20. b3 d4 21. Qc2 Qb6 22.
Re2 Nc6 23. c4 Rxe2 24. Nxe2 Nb4 25. Qb1 Re8 26. Nf4 Bd6 27. Qd1 Qc7 28. Qf3 b6
29. g4 Nd7 30. g5 hxg5 31. hxg5 Ne5 32. Qe4 Qd8 33. Re1 Qxg5 34. Re2 f5 35. Qb7
Rb8 36. Nh3 Qg4 37. f3 Qxg2+ 38. Kxg2 Rxb7 39. f4 Nexd3 40. Re8+ Bf8 41. Kf3 Re7
42. Rb8 Ne1+ 43. Kf2 Nbd3+ 44. Kf1 Nf3 0-1

[Event "European Rapid 2022"]
[Site "Katowice POL"]
[Date "2022.12.17"]
[Round "3.24"]
[White "Koziorowicz, Michal"]
[Black "Sahidi, Samir"]
[Result "0-1"]
[WhiteTitle "FM"]
[BlackTitle "IM"]
[WhiteElo "2348"]
[BlackElo "2494"]
[WhiteFideId "21809194"]
[BlackFideId "14936372"]
[EventDate "2022.12.17"]

1. e4 c6 2. d4 d5 3. e5 Bf5 4. h4 h5 5. Bg5 Qb6 6. Bd3 Qxd4 7. Nf3 Qg4 8. Bxf5
Qxf5 9. O-O Nd7 10. Re1 e6 11. c4 Bb4 12. Nc3 Ne7 13. Nd4 Qg6 14. Qa4 a5 15.
Bxe7 Nb6 16. Qd1 Bxe7 17. cxd5 Nxd5 18. Nxd5 exd5 19. Qb3 Rb8 20. Re3 Bxh4 21.
Rh3 Bg5 22. Rg3 h4 23. Rg4 Qh5 24. Qf3 g6 25. Re1 O-O 26. Nf5 Rbe8 27. Kh2 Re6
28. Nd4 Ree8 29. Nf5 Kh7 30. Kh3 gxf5 31. Qxf5+ Kh6 32. e6 Qg6 33. Re5 f6 34. e7
Rg8 35. f4 Qxf5 36. Rxf5 Kg6 37. fxg5 Kxf5 38. gxf6 Kxf6 0-1

[Event "European Rapid 2022"]
[Site "Katowice POL"]
[Date "2022.12.17"]
[Round "3.25"]
[White "Laurusas, Tomas"]
[Black "Greicius, Pijus"]
[Result "1-0"]
[WhiteTitle "GM"]
[WhiteElo "2567"]
[BlackElo "2076"]
[WhiteFideId "12803731"]
[BlackFideId "12819093"]
[EventDate "2022.12.17"]

1. c4 e6 2. Nf3 d5 3. e3 Nf6 4. b3 Be7 5. Bb2 O-O 6. d4 c5 7. cxd5 Nxd5 8. Nbd2
Nc6 9. dxc5 Bxc5 10. Be2 Be7 11. O-O Bf6 12. Bxf6 Qxf6 13. Ne4 Qe7 14. Rc1 Rd8
15. Qc2 e5 16. Nc5 b6 17. Ne4 Bb7 18. Ng3 Rac8 19. Qb2 e4 20. Nd2 Nf6 21. Rfd1
Ne5 22. Rxc8 Rxc8 23. Nc4 Nxc4 24. Bxc4 g6 25. Qd4 h5 26. h3 Bc6 27. a4 Rc7 28.
Ne2 1-0

[Event "European Rapid 2022"]
[Site "Katowice POL"]
[Date "2022.12.17"]
[Round "3.26"]
[White "Kuegel, Tobias"]
[Black "Kazakouski, Valery"]
[Result "1/2-1/2"]
[WhiteTitle "FM"]
[BlackTitle "GM"]
[WhiteElo "2309"]
[BlackElo "2539"]
[WhiteFideId "4636295"]
[BlackFideId "13507443"]
[EventDate "2022.12.17"]

1. e4 e5 2. Nf3 Nc6 3. Bb5 a6 4. Bxc6 dxc6 5. O-O Bg4 6. h3 h5 7. d3 Qf6 8. Nbd2
g5 9. hxg4 hxg4 10. Re1 gxf3 11. Qxf3 Qh6 12. Kf1 Qg6 13. Qf5 Qxf5 14. exf5 f6
15. g4 Rh4 16. f3 Rh1+ 17. Ke2 Rh2+ 18. Kf1 Bb4 19. c3 Be7 20. Kg1 Rh7 21. Ne4
O-O-O 22. Rd1 Bf8 23. Be3 Rhd7 24. Kf2 Rxd3 25. Rxd3 Rxd3 26. Rh1 Rd8 27. Rh7 b6
28. Ke2 Re8 29. a4 a5 30. Rf7 Be7 31. Kd3 Rf8 32. Rh7 Bd8 33. Kc4 Ne7 34. Kd3
Nd5 35. Bd2 Be7 36. c4 Nb4+ 37. Ke2 Kd8 38. Bxb4 Bxb4 39. b3 Be7 40. Ke3 Ke8 41.
Kd3 Bd8 42. Kc3 Rf7 43. Rxf7 Kxf7 44. Kc2 Be7 45. Kb1 Ke8 46. Kc1 Kd7 47. Kd1
Kc8 48. Kd2 Kb7 49. Kc3 Ka6 50. Kd3 b5 51. Kc2 Kb6 52. Kc3 Ka6 53. Kd3 Kb6 54.
Kc3 1/2-1/2

[Event "European Rapid 2022"]
[Site "Katowice POL"]
[Date "2022.12.17"]
[Round "3.27"]
[White "De Filomeno, Simone"]
[Black "Wisniewski, Michal"]
[Result "1/2-1/2"]
[WhiteTitle "IM"]
[BlackTitle "FM"]
[WhiteElo "2450"]
[BlackElo "2168"]
[WhiteFideId "828688"]
[BlackFideId "1159682"]
[EventDate "2022.12.17"]

1. d4 Nf6 2. c4 c5 3. Nf3 cxd4 4. Nxd4 e5 5. Nb5 d5 6. cxd5 Bc5 7. g3 Qb6 8. e3
O-O 9. N5c3 e4 10. Nd2 Bf5 11. Bg2 Re8 12. O-O Qd6 13. a3 a5 14. Nc4 Qa6 15. Qb3
Nbd7 16. Qb5 Ne5 17. Qxa6 Rxa6 18. Nxe5 Rxe5 19. Rd1 Rd6 20. b4 axb4 21. axb4
Bxb4 22. Ra8+ Re8 23. Rxe8+ Nxe8 24. Nxe4 Bxe4 25. Bxe4 Ra6 26. Bd3 Ra1 27. Bc2
Nd6 28. e4 f6 29. Kf1 Bc5 30. Ke1 Ra2 31. Bd3 Bxf2+ 32. Kf1 Bc5 33. Bf4 Rxh2 34.
e5 fxe5 35. Bxe5 g6 36. g4 Rh1+ 37. Ke2 Rxd1 38. Kxd1 Nf7 39. Bc3 Bd6 40. Kc2
Be5 41. Bb4 Kg7 42. Kb3 h5 43. gxh5 gxh5 44. Kc4 Kf6 45. Be1 Kg5 46. Kc5 h4 47.
Be4 h3 48. Bh1 Kf4 49. Kb6 Nd6 50. Bd2+ Kg3 51. Bb4 Nf7 52. Kxb7 Kh2 53. Be4 Ng5
54. Bf5 Kg3 55. Bxh3 Kxh3 56. d6 Nf7 57. d7 Bf6 58. Ba5 Kg4 59. d8=Q Nxd8+ 60.
Bxd8 Bxd8 1/2-1/2

[Event "European Rapid 2022"]
[Site "Katowice POL"]
[Date "2022.12.17"]
[Round "3.28"]
[White "Varvadoukas, Theodoros"]
[Black "Stefansson, Hannes"]
[Result "0-1"]
[BlackTitle "GM"]
[WhiteElo "2109"]
[BlackElo "2526"]
[WhiteFideId "4210735"]
[BlackFideId "2300087"]
[EventDate "2022.12.17"]

1. c4 Nf6 2. Nf3 b6 3. g3 Bb7 4. Bg2 g6 5. O-O Bg7 6. Nc3 O-O 7. d3 d5 8. Bf4 c5
9. Ne5 e6 10. cxd5 exd5 11. d4 Na6 12. dxc5 bxc5 13. Qa4 Qb6 14. Bg5 Qxb2 15.
Rfc1 Qb4 16. Rab1 Qxa4 17. Nxa4 Bc8 18. Nxc5 Nxc5 19. Rxc5 Ne4 20. Bxe4 dxe4 21.
Be3 Be6 22. a4 Rfc8 23. Rbc1 Rcb8 24. Nc6 Rb2 25. R5c2 Rxc2 26. Rxc2 a6 27. a5
Bf8 28. Kg2 Rc8 29. Bb6 f5 30. f3 exf3+ 31. exf3 g5 32. Kf2 Kg7 33. Ke3 Bd6 34.
f4 Kh6 35. Nd4 Rxc2 36. Nxc2 gxf4+ 37. gxf4 Kh5 38. Kf3 Kh4 39. Bf2+ Kh3 40. Bg3
Bc7 41. Nb4 Bc4 42. Nc2 Bd5+ 43. Kf2 Bxa5 44. Ne3 Bb6 45. Ke2 Be6 46. Nd1 a5 47.
Nf2+ Kg2 48. Nd3 a4 49. Bh4 Bd4 50. Be7 Kxh2 51. Ne1 Kg3 52. Kd3 Bb2 53. Kc2 Bg7
54. Nd3 Bb3+ 55. Kd2 h5 56. Bc5 Kf3 57. Be7 Bd4 58. Ne1+ Kxf4 59. Nd3+ Kf3 60.
Ne1+ Ke4 61. Nd3 f4 62. Nc5+ Kf5 63. Nd3 f3 64. Bh4 a3 65. Nc1 Bc4 66. Ke1 a2
67. Nxa2 Bxa2 68. Kf1 Bc4+ 0-1

[Event "European Rapid 2022"]
[Site "Katowice POL"]
[Date "2022.12.17"]
[Round "3.29"]
[White "Alonso Rosell, Alvar"]
[Black "Pavlidou, Ekaterini"]
[Result "1-0"]
[WhiteTitle "GM"]
[BlackTitle "WIM"]
[WhiteElo "2561"]
[BlackElo "2178"]
[WhiteFideId "2270544"]
[BlackFideId "4213262"]
[EventDate "2022.12.17"]

1. d4 Nf6 2. c4 e6 3. Nf3 b6 4. g3 Ba6 5. Nbd2 d5 6. Bg2 c6 7. Qc2 Be7 8. O-O
O-O 9. Rd1 Bb7 10. e4 Na6 11. a3 Rc8 12. b4 c5 13. exd5 exd5 14. dxc5 bxc5 15.
b5 Nc7 16. Ne5 Ne6 17. Ndf3 d4 18. Ng5 Bxg2 19. Kxg2 Nxg5 20. Bxg5 h6 21. Bxf6
Bxf6 22. Nd3 Bg5 23. Qe2 Qd7 24. Qf3 Rfe8 25. a4 Re6 26. h4 Be7 27. Re1 Rf6 28.
Qe4 Bd6 29. a5 Qc7 30. a6 Rg6 31. Qf3 Rf6 32. Qb7 Rg6 33. Qxc7 Bxc7 34. Re7 Bb6
35. Rae1 Kf8 36. Rb7 Re8 37. Re5 Rge6 38. Rf5 Rf6 39. Rxf6 gxf6 40. Kf3 h5 41.
Rd7 Kg7 42. Rd5 Kh6 43. Nxc5 Rc8 44. Nd7 Rxc4 45. Nxb6 axb6 46. Rd6 Rb4 47. Rxb6
d3 48. Ke3 Rd4 49. Kd2 1-0

[Event "European Rapid 2022"]
[Site "Katowice POL"]
[Date "2022.12.17"]
[Round "3.30"]
[White "Gvetadze, Sofio"]
[Black "Gavrilescu, David"]
[Result "0-1"]
[WhiteTitle "IM"]
[BlackTitle "IM"]
[WhiteElo "2298"]
[BlackElo "2522"]
[WhiteFideId "13601440"]
[BlackFideId "1227190"]
[EventDate "2022.12.17"]

1. Nf3 d5 2. c4 e6 3. g3 d4 4. Bg2 c5 5. O-O Nc6 6. e3 Nf6 7. exd4 cxd4 8. d3 h6
9. a3 a5 10. Nbd2 Bd6 11. Re1 O-O 12. Qc2 Re8 13. Ne4 Nxe4 14. Rxe4 e5 15. Re1
Bf5 16. Rb1 Bf8 17. Nd2 Qd7 18. c5 a4 19. b4 axb3 20. Rxb3 Na5 21. Rb4 Rac8 22.
Nb3 Nc6 23. Rb6 Be6 24. Bd2 Rc7 25. Bb4 Bd5 26. Nd2 Bxg2 27. Kxg2 Nb8 28. Qb3
Rc6 29. Ne4 Ree6 30. Rxc6 Qxc6 31. Kg1 Nd7 32. Qc4 g6 33. Rc1 Kg7 34. Nd6 h5 35.
h4 Be7 36. Ne4 Bd8 37. Nd6 Nf6 38. Re1 Qf3 39. Ne4 Ng4 40. Rf1 Bxh4 41. gxh4 Qh3
42. Re1 Rf6 43. Qa2 Nh2 44. Nd2 Qxh4 45. Re2 Qg4+ 46. Kxh2 Qxe2 47. c6 Rxf2+ 0-1

[Event "European Rapid 2022"]
[Site "Katowice POL"]
[Date "2022.12.17"]
[Round "3.31"]
[White "Huzman, Alexander"]
[Black "Budzisz, Adrian"]
[Result "1-0"]
[WhiteTitle "GM"]
[WhiteElo "2526"]
[BlackElo "2118"]
[WhiteFideId "2803828"]
[BlackFideId "21860238"]
[EventDate "2022.12.17"]

1. Nf3 Nf6 2. c4 c6 3. d4 d5 4. e3 Bf5 5. Nc3 e6 6. Nh4 Be4 7. f3 Bg6 8. Bd2 Bd6
9. Qb3 Qb6 10. c5 Qxb3 11. axb3 Bc2 12. cxd6 g5 13. e4 gxh4 14. e5 Nfd7 15. b4
Rg8 16. Kf2 a6 17. Be2 c5 18. Nb5 Kd8 19. Nc7 Ra7 20. bxc5 Nc6 21. Bc3 Bf5 22.
b4 f6 23. exf6 Nxf6 24. b5 axb5 25. Bxb5 Rxa1 26. Rxa1 Kd7 27. Na8 Rb8 28. Nb6+
Ke8 29. Bxc6+ bxc6 30. Ra7 Kf8 31. Bd2 Kg8 32. Bg5 1-0

[Event "European Rapid 2022"]
[Site "Katowice POL"]
[Date "2022.12.17"]
[Round "3.32"]
[White "Keinanen, Toivo"]
[Black "Sliwicka, Alicja"]
[Result "1-0"]
[WhiteTitle "IM"]
[BlackTitle "WIM"]
[WhiteElo "2508"]
[BlackElo "2284"]
[WhiteFideId "509825"]
[BlackFideId "1150677"]
[EventDate "2022.12.17"]

1. d4 Nf6 2. Nf3 c5 3. d5 e6 4. Nc3 exd5 5. Nxd5 Nxd5 6. Qxd5 Be7 7. Bf4 Nc6 8.
O-O-O Nb4 9. Qb3 d6 10. e4 a5 11. Bb5+ Bd7 12. Ne5 O-O 13. Nxd7 a4 14. Qc4 a3
15. b3 Qa5 16. Kb1 Rfe8 17. Bxd6 Bg5 18. Rhe1 Rad8 19. f4 Bh6 20. Ne5 Re6 21.
Nxf7 Nd5 22. Nxh6+ Kh8 23. Nf7+ Kg8 24. Nxd8 1-0

[Event "European Rapid 2022"]
[Site "Katowice POL"]
[Date "2022.12.17"]
[Round "3.33"]
[White "Martinez Pla, Xavier"]
[Black "Sebenik, Matej"]
[Result "0-1"]
[WhiteTitle "FM"]
[BlackTitle "GM"]
[WhiteElo "2277"]
[BlackElo "2538"]
[WhiteFideId "32074271"]
[BlackFideId "14602296"]
[EventDate "2022.12.17"]

1. e4 c5 2. Nf3 Nc6 3. d4 cxd4 4. Nxd4 e5 5. Nb5 d6 6. N1c3 a6 7. Na3 Be7 8. Nc4
b5 9. Ne3 Nf6 10. g3 h5 11. h3 h4 12. g4 Nd4 13. Bg2 Bb7 14. Ncd5 g6 15. a4 O-O
16. O-O Ne6 17. Nxe7+ Qxe7 18. Nd5 Bxd5 19. exd5 Nf4 20. Bxf4 exf4 21. Re1 Qd8
22. Qd4 Rc8 23. axb5 axb5 24. Qxf4 Rxc2 25. Ra6 Re8 26. Rea1 Nh7 27. Rxd6 Qc7
28. Bf3 Qc5 29. Rf1 g5 30. Qh2 Rxb2 31. Rc6 Qa3 32. Bd1 Rd2 33. Re1 Rxe1+ 0-1

[Event "European Rapid 2022"]
[Site "Katowice POL"]
[Date "2022.12.17"]
[Round "3.34"]
[White "Drozdowski, Kacper"]
[Black "Stevanic, David"]
[Result "1/2-1/2"]
[WhiteTitle "IM"]
[BlackTitle "FM"]
[WhiteElo "2448"]
[BlackElo "2249"]
[WhiteFideId "1136720"]
[BlackFideId "14613921"]
[EventDate "2022.12.17"]

1. e4 e5 2. Nf3 Nf6 3. Nxe5 d6 4. Nf3 Nxe4 5. d4 d5 6. Bd3 Bd6 7. O-O O-O 8. c4
c6 9. Nc3 Nxc3 10. bxc3 dxc4 11. Bxc4 Bg4 12. h3 Bh5 13. Rb1 b5 14. Bd3 Nd7 15.
Be4 Rc8 16. Qd3 Bg6 17. Bxg6 hxg6 18. h4 Qf6 19. Bg5 Qf5 20. Qxf5 gxf5 21. d5
cxd5 22. Rxb5 Nb6 23. Ra5 f4 24. h5 f6 25. Bh4 Rf7 26. Rc1 Bb4 27. Rb5 Bxc3 28.
Rd1 Rc4 29. g4 Rfc7 30. g5 Ra4 31. Rb3 Rxa2 32. h6 gxh6 33. gxf6 Ra1 34. Rxa1
Bxa1 35. Rb4 Rc4 36. Rb1 Bc3 37. Kh2 Kf7 38. Rg1 Bxf6 39. Bxf6 Kxf6 40. Rg8 Rc8
41. Rg4 Kf5 42. Rg7 Ke4 43. Kg2 Re8 44. Nd2+ Kd3 45. Nb3 Kc3 46. Nc5 a5 47. Kf3
d4 48. Rb7 Nc4 49. Na4+ Kd2 50. Rc7 Ne5+ 51. Kxf4 Nd3+ 52. Kf3 Rf8+ 53. Kg3 Nxf2
54. Nc5 d3 55. Nb3+ Ke3 56. Nxa5 Rg8+ 57. Kh2 Ne4 58. Rd7 Rc8 59. Nb3 Rc2+ 60.
Kh3 Rc3 61. Nd4 d2 62. Kh4 d1=Q 63. Nf5+ Ke2 64. Rxd1 Kxd1 65. Nxh6 Ke2 66. Kg4
Nd6 67. Kf4 Rf3+ 68. Kg4 Rf6 69. Kg5 Ne4+ 70. Kh5 Kf3 71. Ng8 Re6 72. Nh6 Nf6+
73. Kg5 Nh7+ 74. Kh5 Kf4 75. Nf7 Nf6+ 76. Kg6 Ne8+ 77. Kh7 Kf5 78. Nh6+ Kg5 79.
Nf7+ Kf6 80. Nh6 Re7+ 81. Kg8 Kg6 82. Kf8 Re4 83. Ng8 Rf4+ 84. Kxe8 Re4+ 85. Kf8
Rf4+ 86. Ke8 Re4+ 87. Kf8 Ra4 88. Ne7+ Kf6 89. Ng8+ Kg6 90. Ne7+ Kf6 91. Ng8+
Ke6 92. Kg7 Rg4+ 93. Kf8 Rg6 94. Ne7 Rf6+ 95. Ke8 Rf7 96. Ng8 Rg7 97. Kf8 Rg6
98. Ne7 Rf6+ 99. Ke8 Rf1 100. Ng6 Kf6 101. Nf8 Ra1 102. Nd7+ Ke6 103. Nf8+ Kd6
104. Kf7 Rf1+ 105. Kg7 Ke5 106. Ng6+ Kf5 107. Kf7 Kg5+ 108. Kg7 Re1 109. Kf7 Ra1
110. Ne7 Ra6 111. Nd5 Rd6 112. Ne7 Kf4 113. Ng6+ Kf5 114. Ne7+ Kg5 115. Nc8 1/2-1/2

[Event "European Rapid 2022"]
[Site "Katowice POL"]
[Date "2022.12.17"]
[Round "3.35"]
[White "Nestorenko, Dmitry"]
[Black "Dvirnyy, Danyyil"]
[Result "0-1"]
[BlackTitle "GM"]
[WhiteElo "2188"]
[BlackElo "2530"]
[WhiteFideId "14129728"]
[BlackFideId "817570"]
[EventDate "2022.12.17"]

1. e4 e5 2. Nf3 Nc6 3. c3 Nf6 4. d4 exd4 5. e5 Nd5 6. cxd4 Bb4+ 7. Nbd2 O-O 8.
Bc4 Nb6 9. Bb3 d5 10. h3 f6 11. O-O fxe5 12. dxe5 Bf5 13. a3 Be7 14. Bc2 d4 15.
Bxf5 Rxf5 16. Qb3+ Qd5 17. Qxd5+ Nxd5 18. Nb3 Nxe5 19. Nbxd4 Nxf3+ 20. Nxf3 Bf6
21. Rb1 c5 22. Be3 Nxe3 23. fxe3 Re8 24. Rfe1 c4 25. Nd2 b5 26. Re2 Bg5 27. Rbe1
Bh4 28. Rf1 Rd5 29. a4 Bg5 30. Rfe1 c3 31. bxc3 bxa4 32. Nf3 Bf6 33. e4 Rc5 34.
e5 Be7 35. Ra2 Rxc3 36. Rxa4 Bc5+ 37. Kh2 h6 38. Re2 Rd3 39. Kg3 Rf8 40. Kg4 g6
41. h4 h5+ 42. Kg3 Kf7 43. Kh2 Ke7 44. Rc4 Rd5 45. Rec2 Bb6 46. Rc6 Rg8 47. Re2
Rc5 48. Rc2 Rxc2 49. Rxc2 Kd7 50. Kg3 a5 51. Kf4 a4 52. Ra2 Ra8 53. Kg5 Ke6 54.
Kxg6 Bc5 55. Rc2 Kd5 56. Ne1 Bd4 57. Nd3 a3 58. Kf6 Ra4 59. Kf5 Bb2 60. Nxb2 a2
61. Rd2+ Rd4 62. Nd3 a1=Q 63. Nb4+ Kc4 64. Rxd4+ Qxd4 0-1

[Event "European Rapid 2022"]
[Site "Katowice POL"]
[Date "2022.12.17"]
[Round "3.36"]
[White "Nasuta, Grzegorz"]
[Black "Martynkova, Olena"]
[Result "1-0"]
[WhiteTitle "GM"]
[BlackTitle "WIM"]
[WhiteElo "2546"]
[BlackElo "2227"]
[WhiteFideId "1141686"]
[BlackFideId "14134039"]
[EventDate "2022.12.17"]

1. e4 e5 2. Nf3 Nc6 3. Bc4 Bc5 4. O-O Nf6 5. d3 h6 6. c3 Bb6 7. Re1 d6 8. Bb3
O-O 9. h3 Re8 10. Nbd2 a6 11. Nf1 d5 12. exd5 Nxd5 13. Ng3 Nf6 14. Be3 Bxe3 15.
Rxe3 Qd6 16. Qe2 Be6 17. Ne4 Nxe4 18. Rxe4 Bxb3 19. axb3 Re6 20. Re1 Rae8 21. b4
Qd5 22. Nh4 Rd8 23. Re3 Rde8 24. Qg4 Ne7 25. f4 exf4 26. Rxe6 fxe6 27. Rxe6 Kf7
28. Re4 g5 29. Qh5+ Kf8 30. Qxh6+ Kg8 31. Ng6 1-0

[Event "European Rapid 2022"]
[Site "Katowice POL"]
[Date "2022.12.17"]
[Round "3.37"]
[White "Kovalevsky, Stanislav"]
[Black "Dragnev, Valentin"]
[Result "0-1"]
[WhiteTitle "FM"]
[BlackTitle "GM"]
[WhiteElo "2237"]
[BlackElo "2556"]
[WhiteFideId "13508598"]
[BlackFideId "1634852"]
[EventDate "2022.12.17"]

1. c4 e5 2. Nc3 Nf6 3. g3 Bb4 4. Bg2 O-O 5. Nf3 e4 6. Nd4 Re8 7. O-O Nc6 8. Nc2
Bxc3 9. dxc3 d6 10. f3 exf3 11. exf3 Be6 12. b3 a5 13. Nd4 Bd7 14. Qc2 a4 15.
Bg5 h6 16. Bd2 Ra5 17. Rae1 axb3 18. axb3 Rae5 19. f4 R5e7 20. h3 d5 21. cxd5
Nxd4 22. cxd4 Bb5 23. Rxe7 Rxe7 24. Re1 Rxe1+ 25. Bxe1 Nxd5 26. Qc5 Bc6 27. b4
Ne7 28. b5 Bxg2 29. Kxg2 Nd5 30. Kf3 Qd7 31. g4 Qe6 32. Bf2 h5 33. Qc2 hxg4+ 34.
hxg4 Qh6 35. Qf5 g6 36. Qe5 Qh3+ 37. Bg3 Qf1+ 38. Bf2 Qh3+ 39. Bg3 Qf1+ 40. Bf2
Qxb5 41. f5 Qc6 42. fxg6 fxg6 43. Bh4 b5 44. Ke4 Nf6+ 45. Kf4 Qc1+ 46. Kf3 Qh1+
47. Kf4 Qxh4 48. Qe6+ Kh8 49. Qc8+ Ng8 50. Qe6 Qf6+ 0-1